Quelle ville de Seine-et-Marne ? - Statistiques

Statistiques générales
  • Ce quiz a été pris 42 fois
  • Le résultat moyen est 11 sur 20
Statistiques - réponses
Quelle commune seine-et-marnaise... Lettre Ville % Correct
...a sa ville fortifiée inscrite au patrimoine mondial de l'UNESCO ? P Provins
94%
...abrite la plus grande forêt d'Île de France et un ancien château royal ? F Fontainebleau
91%
...est la préfecture du département et a été pendant 300 ans le lieu de séjour ordinaire des rois de France ? M Melun
91%
...accueille sur son territoire le parc d'attraction Disneyland Paris et une gare TGV ? C Chessy
86%
...est connue pour sa moutarde et son brie ? M Meaux
86%
...est la 2ème ville la plus peuplée du département, et celle où il y ferait le mieux vivre ? C Chelles
77%
...a donné son nom à un fromage, nom qu'elle tiendrait de la colombe ? C Coulommiers
77%
...a accueilli les épreuves d'aviron et de canoë-kayak des Jeux Olympiques 2024, dans sa base nautique sur les berges de la Marne ? V Vaires sur Marne
57%
...est le lieu de tournage et d'accueil de la Star-Academy ? D Dammarie-les-Lys
54%
...abrite en son Château-Musée le musée départemental de Préhistoire d'Île de France ? N Nemours
49%
...est une ancienne foire de champagne et a plus récemment vu naître le footballeur Paul Pogba ? L Lagny sur Marne
46%
...a un nom composé de ceux de 2 anciennes communes qui riment et qui ont fusionné en 1839 ? P Pontault-Combault
40%
...est située en plein cœur briard, bordée par l'Almont ? N Nangis
34%
...doit son nom à une ancienne résidence des Templiers dans cette localité ? S Savigny le Temple
34%
...compte 7 étangs en plus d'être bordée par la Marne ? T Torcy
34%
...a vu sa population multipliée par 16 entre les années 1990 et 2010 ? B Bussy Saint Georges
29%
...a abrité de nombreuses infrastructures de la chocolaterie Menier ? N Noisiel
26%
...était mondialement connue pour sa pierre meulière, grâce à la dureté exceptionnelle de la pierre extraite dans ses carrières ? (L) F La Ferté sous Jouarre
20%
...abrite le Château de Vaux-le-Vicomte, conçu par les mêmes architectes que le château de Versailles ? M Maincy
17%
...voit son château être le lieu principal de l’œuvre "À la recherche du temps perdu" de Marcel Proust ? G Guermantes
11%
Aucun quiz correspondant
Distribution des résultats
% des personnes avec chaque résultat
Percentile par nombre de réponses
Votre historique - résultats
Vous n’avez pas pris ce quiz